000 00683cam a2200205 a 4500
020 _a0471548006 (cloth : acidfree paper)
040 _cDLC
082 0 0 _a634 WIL 1995 A041 Or.
245 0 0 _aDryland forestry :
_bplanning and management /
260 _aNew York :
_bWiley,
_cc1995.
300 _axviii, 453 p. :
_bill., maps ;
_c25 cm.
650 0 _aArid regions forestry.
650 0 _aArid regions agriculture.
650 0 _aSustainable forestry.
650 0 _aSustainable agriculture.
700 1 _aFfolliott, Peter F.
856 4 2 _uhttp://www.loc.gov/catdir/description/wiley034/94027699.html
856 4 _uhttp://www.loc.gov/catdir/toc/onix05/94027699.html
942 _cEK
999 _c12438
_d12438